000 00566nam a22001817a 4500
005 20260305104323.0
008 260305b |||||||| |||| 00| 0 eng d
020 _a9781284299489 (pbk)
040 _cPK-LaUMT
082 _a613.2
_bCON-N
100 _aContento, Isobel R.
_99615
245 _aNutrition education :
_blinking research, theory, and practice /
_cby Isobel R. Contento and Pamela A. Koch
250 _a5th ed.
260 _aBurlington :
_bJones and Bartlett Learning,
_c2026
300 _a696 p.
650 _aDietetics-Education
_99616
942 _cBK
999 _c139982
_d139982